| 000 | 00807nam a2200229Ii 4500 | ||
|---|---|---|---|
| 003 | JO-AjNU | ||
| 008 | 230605s9999||||xx |||||||||||||| ||und|| | ||
| 017 | _a2001/18638 | ||
| 020 | _a977-01-7667-2 | ||
| 040 |
_aJO-AjNU _bara _erda _cJO-AjNU |
||
| 041 | _aara | ||
| 050 | 1 | 4 | _aPJ7848 2001 |
| 100 | 3 |
_aتأليف السيد سالم ؛ دراسة بكير،أمين, _eauthor _914778 |
|
| 245 | 0 | 0 | _aقصيدة على عرضحال وضيف من الشباك ((مسرحيتان)) |
| 264 | 3 | 1 | _aالقاهرة:الهيئة المصرية العامة للكتاب،2002 |
| 300 | _a182ص | ||
| 336 |
_atext _btxt _2rdacontent |
||
| 337 |
_aunmediated _bn _2rdamedia |
||
| 338 |
_avolume _bnc _2rdacarrier |
||
| 490 | 0 | _aإشراقات جديدة (21) | |
| 650 | 4 |
_aالأدب العربي - مسرح _914779 |
|
| 999 |
_aA4021 _c7589 _d7589 |
||